|
|
|
|
| LEADER |
00000naa a2200000uu 4500 |
| 001 |
vtls010939637 |
| 003 |
SK-MaSNL |
| 005 |
20260302122938.0 |
| 008 |
210902|2000 xo |||||||||||||||||slo| |
| 015 |
|
|
|a SNBRA
|
| 035 |
|
|
|a (urnnbn)urn:nbn:sk:snk:ar-a0banx
|
| 035 |
|
|
|a (uuid)9c1c148f-de81-43ee-99db-0c2e65f6c908
|
| 035 |
|
|
|a urn:nbn:sk:snk-aau2yh
|
| 040 |
|
|
|a SNKBUCL
|b slo
|c SNKBUCL
|e AACR2
|
| 041 |
0 |
|
|a slo
|
| 044 |
|
|
|a xo
|c SK
|
| 100 |
1 |
|
|a Tínus, Martin
|4 aut
|9 785857
|
| 245 |
1 |
0 |
|a DIGITÁLNE MODULÁCIE
|c Martin Tínus, Roman Pšanecký
|
| 700 |
1 |
|
|a Pšanecký, Roman
|4 aut
|9 785855
|
| 773 |
0 |
|
|t Telekomunikácie 2000
|d Bratislava : Adapt, 2000, 2000
|g S. 223-224
|z 8096804278
|
| 958 |
|
|
|a OND
|
| 958 |
|
|
|a article11
|
| 958 |
|
|
|a chapter
|
| 999 |
|
|
|c 1280439
|d 1282369
|